[Event "NRW Class1 1516"]
[Site "Germany"]
[Date "2015.10.25"]
[Round "2.2"]
[White "Schmitz, Joachim"]
[Black "Lindam, Ingo"]
[Result "1/2-1/2"]
[WhiteElo "2209"]
[BlackElo "2058"]
[PlyCount "45"]
[EventDate "2015.09.27"]
[EventType "team-tourn"]
[EventRounds "9"]
[EventCountry "GER"]
[SourceTitle "EXT 2017"]
[Source "ChessBase"]
[SourceDate "2016.10.25"]
[SourceVersion "1"]
[SourceVersionDate "2016.10.25"]
[SourceQuality "1"]
[WhiteTeam "Duisburg"]
[BlackTeam "Koeln Lasker"]
[WhiteTeamCountry "GER"]
[BlackTeamCountry "GER"]

1. e4 c5 2. Nf3 e6 3. Nc3 Nc6 4. d4 cxd4 5. Nxd4 Qc7 6. g3 a6 7. Bg2 Nf6 8. 0-0 Nxd4 9. Qxd4 Bc5 10. Bf4 d6 11. Qd2 e5 12. Bg5 Be6 13. Bxf6 gxf6 14. Qh6 Ke7 15. Nd5+ Bxd5 16. exd5 Rag8 17. Be4 Qd7 18. Kh1 Qg4 19. f4 Be3 20. Rae1 Bd2 21. Rd1 Be3 22. Rde1 Bd2 23. Rd1 1/2-1/2

[Event "NRW Class1 1314"]
[Site "Germany"]
[Date "2014.04.06"]
[Round "8.3"]
[White "Schmitz, Joachim"]
[Black "Mende, Andreas"]
[Result "1/2-1/2"]
[WhiteElo "2232"]
[BlackElo "2135"]
[PlyCount "61"]
[EventDate "2013.09.15"]
[EventType "team-tourn"]
[EventRounds "9"]
[EventCountry "GER"]
[SourceTitle "EXT 2015"]
[Source "ChessBase"]
[SourceDate "2014.11.20"]
[SourceVersion "1"]
[SourceVersionDate "2014.11.20"]
[SourceQuality "1"]
[WhiteTeam "Duisburg PSV"]
[BlackTeam "Niederkassel"]
[WhiteTeamCountry "GER"]
[BlackTeamCountry "GER"]

1. Nf3 Nf6 2. c4 g6 3. g3 d5 4. cxd5 Nxd5 5. d4 Bg7 6. Bg2 Nb6 7. Nc3 Nc6 8. e3 0-0 9. 0-0 Re8 10. h3 a5 11. d5 Ne5 12. Nd4 a4 13. Qe2 Bd7 14. e4 Qc8 15. Kh2 Ng4+ 16. hxg4 Bxd4 17. Qd3 Bg7 18. g5 e6 19. Be3 exd5 20. Bxb6 Bxc3 21. Qxc3 cxb6 22. exd5 Qxc3 23. bxc3 Rac8 24. Rfe1 Rxc3 25. Rxe8+ Bxe8 26. Rd1 Rc2 27. d6 Bd7 28. Bh3 Bxh3 29. Kxh3 Rc8 30. Rb1 Rc6 31. Rd1 1/2-1/2

[Event "Oberliga NRW 1213"]
[Site "Germany"]
[Date "2013.04.07"]
[Round "8.4"]
[White "Schmitz, Joachim"]
[Black "Bus, Tom"]
[Result "0-1"]
[WhiteElo "2234"]
[BlackElo "2102"]
[PlyCount "154"]
[EventDate "2012.09.16"]
[EventType "team-tourn"]
[EventRounds "9"]
[EventCountry "GER"]
[SourceTitle "EXT 2017"]
[Source "ChessBase"]
[SourceDate "2016.10.25"]
[SourceVersion "1"]
[SourceVersionDate "2016.10.25"]
[SourceQuality "1"]
[WhiteTeam "Duisburg PSV"]
[BlackTeam "Muelheim Nord II"]
[WhiteTeamCountry "GER"]
[BlackTeamCountry "GER"]

1. e4 c5 2. Nf3 Nc6 3. d4 cxd4 4. Nxd4 Nf6 5. Nc3 d6 6. g3 g6 7. Nde2 Bg7 8. Bg2 0-0 9. 0-0 Bd7 10. h3 a6 11. a4 Rb8 12. Nd5 b5 13. axb5 axb5 14. Bg5 Nxd5 15. exd5 Ne5 16. Qc1 Re8 17. Rd1 Qc8 18. Kh2 Qc4 19. Qd2 Bxh3 20. Kxh3 Qg4+ 21. Kh2 Nc4 22. Bh3 Qh5 23. g4 Nxd2 24. gxh5 Nf3+ 25. Kg2 Nxg5 26. hxg6 hxg6 27. Bd7 Red8 28. Bc6 Bxb2 29. Rab1 Bf6 30. Bxb5 Ne4 31. Bc6 Kg7 32. f3 Nc5 33. c4 Rh8 34. Rb5 Rbc8 35. Rh1 Rxh1 36. Kxh1 Rh8+ 37. Kg2 Rh4 38. f4 g5 39. fxg5 Bxg5 40. Rb4 Nd3 41. Rb3 Rg4+ 42. Kh1 Nf2+ 43. Kh2 Rxc4 44. Kg2 Ne4 45. Ng3 Rc2+ 46. Kg1 Nc3 47. Kh1 Kg6 48. Rb8 Bf4 49. Rg8+ Kh7 50. Rg4 Bxg3 51. Rxg3 Ne4 52. Re3 Re2 53. Rxe2 Ng3+ 54. Kg2 Nxe2 55. Kf3 Nd4+ 56. Ke4 Nb3 57. Kf5 Kg7 58. Bb7 Nc5 59. Bc6 e6+ 60. Kg5 Ne4+ 61. Kf4 Nf6 62. dxe6 fxe6 63. Ba4 Kf7 64. Bb3 Ke7 65. Ba2 d5 66. Bb1 Kd6 67. Bc2 e5+ 68. Kf5 Nd7 69. Bb1 Nc5 70. Kg4 Ne6 71. Kf5 Nd4+ 72. Kg4 Kc5 73. Ba2 Nc2 74. Kf5 Kd4 75. Ke6 Nb4 76. Bb3 e4 77. Kf5 e3 0-1

[Event "Oberliga NRW 1213"]
[Site "Germany"]
[Date "2012.12.16"]
[Round "4.4"]
[White "Schmitz, Joachim"]
[Black "Souleidis, Georgios"]
[Result "1-0"]
[WhiteElo "2234"]
[BlackElo "2369"]
[PlyCount "113"]
[EventDate "2012.09.16"]
[EventType "team-tourn"]
[EventRounds "9"]
[EventCountry "GER"]
[SourceTitle "EXT 2017"]
[Source "ChessBase"]
[SourceDate "2016.10.25"]
[SourceVersion "1"]
[SourceVersionDate "2016.10.25"]
[SourceQuality "1"]
[WhiteTeam "Duisburg PSV"]
[BlackTeam "Bochum Wattenscheid II"]
[WhiteTeamCountry "GER"]
[BlackTeamCountry "GER"]

1. Nf3 g6 2. d4 Bg7 3. e4 d6 4. Be2 Nf6 5. Nc3 0-0 6. 0-0 Bg4 7. Be3 Nc6 8. h3 Bxf3 9. Bxf3 e5 10. dxe5 dxe5 11. Qxd8 Rfxd8 12. Rfd1 Nd4 13. Bxd4 exd4 14. Nd5 Ne8 15. Re1 c6 16. Nf4 Nd6 17. Rad1 Nc4 18. Nd3 a5 19. Re2 a4 20. Rde1 a3 21. b3 Nd6 22. e5 Nb5 23. e6 Bf6 24. Nc5 Nc3 25. Nxb7 Nxe2+ 26. Bxe2 Rf8 27. Bf3 fxe6 28. Nc5 e5 29. Bxc6 Rac8 30. Bd5+ Kh8 31. Nd7 Rfd8 32. Nxf6 Kg7 33. Rxe5 Kxf6 34. Re6+ Kf5 35. g4+ Kf4 36. Re4+ Kg5 37. Bc4 Rc6 38. Kg2 Kh4 39. Re7 h6 40. Rh7 g5 41. Ra7 Rf8 42. Bd3 Rf4 43. Rxa3 Rcf6 44. Bf5 d3 45. cxd3 Rc6 46. Ra4 Rxa4 47. bxa4 Rc3 48. d4 Rc4 49. d5 Rxa4 50. d6 Rxa2 51. d7 Rd2 52. Kf3 Kxh3 53. Ke3 Rd6 54. Ke4 Kg2 55. Ke5 Rd2 56. Be4+ Kxf2 57. Bd5 1-0

[Event "Oberliga NRW 1213"]
[Site "Germany"]
[Date "2012.10.21"]
[Round "2.3"]
[White "Hoolt, Sarah"]
[Black "Schmitz, Joachim"]
[Result "1-0"]
[WhiteElo "2244"]
[BlackElo "2234"]
[PlyCount "59"]
[EventDate "2012.09.16"]
[EventType "team-tourn"]
[EventRounds "9"]
[EventCountry "GER"]
[SourceTitle "EXT 2017"]
[Source "ChessBase"]
[SourceDate "2016.10.25"]
[SourceVersion "1"]
[SourceVersionDate "2016.10.25"]
[SourceQuality "1"]
[WhiteTeam "Katernberg II"]
[BlackTeam "Duisburg PSV"]
[WhiteTeamCountry "GER"]
[BlackTeamCountry "GER"]

1. e4 c5 2. Nf3 Nc6 3. Bb5 d6 4. 0-0 Bd7 5. Re1 Nf6 6. h3 Ne5 7. Bf1 Nxf3+ 8. Qxf3 Bc6 9. c3 g6 10. d4 cxd4 11. cxd4 d5 12. e5 Ne4 13. Nc3 Bg7 14. Bf4 0-0 15. Rac1 Qd7 16. Qe3 Nxc3 17. Rxc3 Rac8 18. h4 a6 19. h5 Rfe8 20. Qg3 e6 21. Qh4 Bb5 22. Rh3 Bf8 23. Bxb5 axb5 24. Ree3 Rc4 25. Reg3 Rec8 26. Be3 b4 27. hxg6 fxg6 28. Rxg6+ hxg6 29. Qh8+ Kf7 30. Rf3+ 1-0

[Event "Oberliga NRW 1112"]
[Site "Germany"]
[Date "2012.03.25"]
[Round "8.4"]
[White "Libeau, Rene"]
[Black "Schmitz, Joachim"]
[Result "1/2-1/2"]
[WhiteElo "2330"]
[BlackElo "2234"]
[PlyCount "54"]
[EventDate "2011.09.18"]
[EventType "team-tourn"]
[EventRounds "9"]
[EventCountry "GER"]
[SourceTitle "EXT 2015"]
[Source "ChessBase"]
[SourceDate "2014.11.20"]
[SourceVersion "1"]
[SourceVersionDate "2014.11.20"]
[SourceQuality "1"]
[WhiteTeam "Muenster SK"]
[BlackTeam "Duisburg PSV"]
[WhiteTeamCountry "GER"]
[BlackTeamCountry "GER"]

1. d4 Nf6 2. Nf3 e6 3. e3 b6 4. Bd3 Bb7 5. 0-0 c5 6. c4 Be7 7. Nc3 d5 8. cxd5 exd5 9. Qa4+ Nbd7 10. dxc5 bxc5 11. Ba6 Qc8 12. Bxb7 Qxb7 13. b3 0-0 14. Ba3 Rfd8 15. Rac1 Rac8 16. Rfd1 Nb6 17. Qb5 Ne8 18. Qa5 Nf6 19. Nb5 a6 20. Nc3 g6 21. h3 h6 22. Ne5 d4 23. exd4 cxd4 24. Bxe7 Qxe7 25. Re1 Qc5 26. Qxc5 Rxc5 27. Nb1 Rdc8 1/2-1/2

[Event "Oberliga NRW 1112"]
[Site "Germany"]
[Date "2012.03.04"]
[Round "7.4"]
[White "Schmitz, Joachim"]
[Black "Coenen, Norbert"]
[Result "1/2-1/2"]
[WhiteElo "2234"]
[BlackElo "2272"]
[PlyCount "26"]
[EventDate "2011.09.18"]
[EventType "team-tourn"]
[EventRounds "9"]
[EventCountry "GER"]
[SourceTitle "EXT 2015"]
[Source "ChessBase"]
[SourceDate "2014.11.20"]
[SourceVersion "1"]
[SourceVersionDate "2014.11.20"]
[SourceQuality "1"]
[WhiteTeam "Duisburg PSV"]
[BlackTeam "Aachen SV"]
[WhiteTeamCountry "GER"]
[BlackTeamCountry "GER"]

1. Nf3 Nf6 2. c4 c5 3. g3 d5 4. d4 cxd4 5. Bg2 dxc4 6. Qxd4 Qxd4 7. Nxd4 g6 8. 0-0 Bg7 9. Nb5 Na6 10. N1a3 0-0 11. Rd1 Nb4 12. Nc7 Rb8 13. Bd2 Nc6 1/2-1/2

[Event "Oberliga NRW 1112"]
[Site "Germany"]
[Date "2011.10.09"]
[Round "2.4"]
[White "Lemanczyk, Thomas"]
[Black "Schmitz, Joachim"]
[Result "1/2-1/2"]
[WhiteElo "2156"]
[BlackElo "2234"]
[PlyCount "60"]
[EventDate "2011.09.18"]
[EventType "team-tourn"]
[EventRounds "9"]
[EventCountry "GER"]
[SourceTitle "EXT 2015"]
[Source "ChessBase"]
[SourceDate "2014.11.20"]
[SourceVersion "1"]
[SourceVersionDate "2014.11.20"]
[SourceQuality "1"]
[WhiteTeam "Gerresheim"]
[BlackTeam "Duisburg PSV"]
[WhiteTeamCountry "GER"]
[BlackTeamCountry "GER"]

1. Nf3 Nf6 2. c4 c5 3. Nc3 e6 4. g3 b6 5. Bg2 Bb7 6. 0-0 Be7 7. Re1 0-0 8. e4 d6 9. d4 cxd4 10. Nxd4 Qc8 11. Bf4 a6 12. Rc1 Ra7 13. Be3 Nbd7 14. f4 Re8 15. Bf2 h5 16. h3 g6 17. Nf3 Nc5 18. Ng5 Nh7 19. Qd2 Nxg5 20. fxg5 Qd8 21. Be3 Ra8 22. Bf4 Nd7 23. Ne2 Qc7 24. Kh2 Ne5 25. b3 Bf8 26. Nd4 Rac8 27. Nf3 Bg7 28. a4 Rcd8 29. Qe2 Ba8 30. Red1 Bb7 1/2-1/2

[Event "Oberliga NRW 1112"]
[Site "Germany"]
[Date "2011.09.18"]
[Round "1.4"]
[White "Van Beek, Alexander"]
[Black "Schmitz, Joachim"]
[Result "1-0"]
[WhiteElo "2261"]
[BlackElo "2234"]
[PlyCount "67"]
[EventDate "2011.09.18"]
[EventType "team-tourn"]
[EventRounds "9"]
[EventCountry "GER"]
[SourceTitle "EXT 2015"]
[Source "ChessBase"]
[SourceDate "2014.11.20"]
[SourceVersion "1"]
[SourceVersionDate "2014.11.20"]
[SourceQuality "1"]
[WhiteTeam "Erkenschwick"]
[BlackTeam "Duisburg PSV"]
[WhiteTeamCountry "GER"]
[BlackTeamCountry "GER"]

1. d4 Nf6 2. c4 g6 3. Nc3 Bg7 4. e4 d6 5. h3 0-0 6. Bg5 c6 7. Bd3 e5 8. d5 Na6 9. Nge2 cxd5 10. cxd5 Bd7 11. Qd2 Nc5 12. Bc2 Qb6 13. Rb1 a5 14. 0-0 Rfc8 15. Kh1 Be8 16. Bh6 Qd8 17. Bxg7 Kxg7 18. a4 Qe7 19. Ng3 Nfd7 20. Nb5 Nb6 21. b3 Bxb5 22. axb5 a4 23. bxa4 Ncxa4 24. f4 exf4 25. Rxf4 Qe5 26. Rbf1 Rc7 27. Nf5+ gxf5 28. Rxf5 Qe7 29. Rh5 Kh8 30. e5 f5 31. exf6 Qf8 32. Qd4 Rf7 33. Rxh7+ Rxh7 34. f7+ 1-0

[Event "Oberliga NRW 1011"]
[Site "Germany"]
[Date "2011.04.03"]
[Round "9.4"]
[White "Schmitz, Joachim"]
[Black "Klein, Felix"]
[Result "1/2-1/2"]
[WhiteElo "2319"]
[BlackElo "2297"]
[PlyCount "21"]
[EventDate "2010.09.26"]
[EventType "team-tourn"]
[EventRounds "9"]
[EventCountry "GER"]
[SourceTitle "EXT 2012"]
[Source "ChessBase"]
[SourceDate "2011.11.24"]
[SourceVersion "1"]
[SourceVersionDate "2011.11.24"]
[SourceQuality "1"]
[WhiteTeam "Duisburg"]
[BlackTeam "Aachen"]
[WhiteTeamCountry "GER"]
[BlackTeamCountry "GER"]

1. Nf3 d5 2. d4 c6 3. c4 e6 4. e3 f5 5. Bd3 Nf6 6. 0-0 Bd6 7. b3 Qe7 8. Bb2 0-0 9. Qc1 b6 10. Ba3 Bb7 11. Bxd6 1/2-1/2

[Event "Oberliga NRW 0910"]
[Site "Germany"]
[Date "2010.03.21"]
[Round "8.4"]
[White "Schmitz, Joachim"]
[Black "Muhren, Bianca"]
[Result "1/2-1/2"]
[WhiteElo "2319"]
[BlackElo "2312"]
[PlyCount "35"]
[EventDate "2009.09.20"]
[EventType "team-tourn"]
[EventRounds "9"]
[EventCountry "GER"]
[SourceTitle "EXT 2011"]
[Source "ChessBase"]
[SourceDate "2010.11.26"]
[SourceVersion "1"]
[SourceVersionDate "2010.11.26"]
[SourceQuality "1"]
[WhiteTeam "Duisburg PSV"]
[BlackTeam "Castrop Rauxel"]
[WhiteTeamCountry "GER"]
[BlackTeamCountry "GER"]

1. e4 c5 2. Nf3 e6 3. Nc3 a6 4. g3 Nc6 5. Bg2 d6 6. 0-0 Nge7 7. d4 cxd4 8. Nxd4 Nxd4 9. Qxd4 Nc6 10. Qd3 Be7 11. b3 0-0 12. Bb2 Qc7 13. a3 Re8 14. Nd1 b5 15. Ne3 Bb7 16. Rac1 Ne5 17. Qe2 Rac8 18. Rfd1 1/2-1/2

[Event "Oberliga NRW 0910"]
[Site "Germany"]
[Date "2009.12.20"]
[Round "4.2"]
[White "Schmitz, Joachim"]
[Black "Schoenthier, Frank"]
[Result "1/2-1/2"]
[WhiteElo "2319"]
[BlackElo "2337"]
[PlyCount "28"]
[EventDate "2009.09.20"]
[EventType "team-tourn"]
[EventRounds "9"]
[EventCountry "GER"]
[SourceTitle "EXT 2011"]
[Source "ChessBase"]
[SourceDate "2010.11.26"]
[SourceVersion "1"]
[SourceVersionDate "2010.11.26"]
[SourceQuality "1"]
[WhiteTeam "Duisburg PSV"]
[BlackTeam "Monheim"]
[WhiteTeamCountry "GER"]
[BlackTeamCountry "GER"]

1. e4 c5 2. Nf3 d6 3. d4 cxd4 4. Nxd4 Nf6 5. Nc3 a6 6. g3 e5 7. Nde2 Be7 8. Bg2 Nbd7 9. h3 b5 10. g4 h6 11. Ng3 g6 12. Bf3 Bb7 13. 0-0 Kf8 14. a3 Kg7 1/2-1/2

[Event "Oberliga NRW 0809"]
[Site "Germany"]
[Date "2008.11.30"]
[Round "4.3"]
[White "Hortsch Stoyanov, Petar"]
[Black "Schmitz, Joachim"]
[Result "1-0"]
[WhiteElo "2262"]
[BlackElo "2317"]
[PlyCount "117"]
[EventDate "2008.09.21"]
[EventType "team-tourn"]
[EventRounds "9"]
[EventCountry "GER"]
[SourceTitle "EXT 2010"]
[Source "ChessBase"]
[SourceDate "2010.11.25"]
[SourceVersion "1"]
[SourceVersionDate "2010.11.25"]
[SourceQuality "1"]
[WhiteTeam "Gescher"]
[BlackTeam "Duisburg"]
[WhiteTeamCountry "GER"]
[BlackTeamCountry "GER"]

1. d4 Nf6 2. Nf3 g6 3. Bf4 Bg7 4. e3 0-0 5. h3 c5 6. c3 d6 7. Nbd2 b6 8. Bc4 Ba6 9. Bxa6 Nxa6 10. Qe2 Qc8 11. 0-0 Qb7 12. a4 cxd4 13. exd4 Rad8 14. Nc4 Nb8 15. Rfd1 h6 16. Qd2 d5 17. Nce5 Ne4 18. Qc1 Kh7 19. Ng4 h5 20. Nge5 Nd7 21. Nd3 a6 22. Ng5+ Nxg5 23. Bxg5 Rde8 24. Re1 e6 25. Bf4 a5 26. Bd6 Bh6 27. Qd1 Rh8 28. Qf3 Kg8 29. c4 Qc6 30. c5 bxc5 31. dxc5 Bg7 32. b4 axb4 33. Nxb4 Qa8 34. Ra2 Nf6 35. Be5 Ne4 36. Bxg7 Kxg7 37. Qe3 Rhf8 38. f3 Nf6 39. Qe5 Qa5 40. Nd3 Rc8 41. g4 hxg4 42. hxg4 Qc7 43. Qd4 e5 44. Rxe5 Kg8 45. Kg2 Qa5 46. Re7 Qa6 47. Nb4 Qc4 48. Qxc4 dxc4 49. c6 Rfd8 50. Rc2 Rd4 51. Rb7 Kg7 52. Kg3 g5 53. Rb5 Kg6 54. a5 Kh6 55. a6 Ne8 56. a7 Ra8 57. Rb8 Nc7 58. Rxa8 Nxa8 59. Na6 1-0

[Event "Oberliga NRW 0809"]
[Site "Germany"]
[Date "2008.09.21"]
[Round "1.4"]
[White "Villwock, Martin"]
[Black "Schmitz, Joachim"]
[Result "1/2-1/2"]
[WhiteElo "2260"]
[BlackElo "2317"]
[PlyCount "36"]
[EventDate "2008.09.21"]
[EventType "team-tourn"]
[EventRounds "9"]
[EventCountry "GER"]
[SourceTitle "EXT 2010"]
[Source "ChessBase"]
[SourceDate "2010.11.25"]
[SourceVersion "1"]
[SourceVersionDate "2010.11.25"]
[SourceQuality "1"]
[WhiteTeam "Katernberg II"]
[BlackTeam "Duisburg"]
[WhiteTeamCountry "GER"]
[BlackTeamCountry "GER"]

1. e4 c5 2. Nf3 Nc6 3. d4 cxd4 4. Nxd4 g6 5. c4 Nf6 6. Nc3 d6 7. Be2 Nxd4 8. Qxd4 Bg7 9. Bg5 0-0 10. Qd2 Be6 11. Rc1 Qa5 12. 0-0 a6 13. b3 Rfc8 14. f3 b5 15. Nd5 Qxd2 16. Bxd2 Nxd5 17. cxd5 Bd4+ 18. Kh1 Bd7 1/2-1/2

[Event "BL2-West 0708"]
[Site "Germany"]
[Date "2008.03.09"]
[Round "7.3"]
[White "Schmitz, Joachim"]
[Black "Armbrust, Florian"]
[Result "1/2-1/2"]
[WhiteElo "2325"]
[BlackElo "2300"]
[PlyCount "82"]
[EventDate "2007.10.21"]
[EventType "team-tourn"]
[EventRounds "9"]
[EventCountry "GER"]
[SourceTitle "EXT 2009"]
[Source "ChessBase"]
[SourceDate "2008.11.26"]
[SourceVersion "1"]
[SourceVersionDate "2008.11.26"]
[SourceQuality "1"]
[WhiteTeam "Duisburg"]
[BlackTeam "Schott Mainz"]
[WhiteTeamCountry "GER"]
[BlackTeamCountry "GER"]

1. Nf3 Nf6 2. c4 g6 3. g3 Bg7 4. Bg2 d6 5. d4 0-0 6. 0-0 Nbd7 7. Nc3 e5 8. e4 c6 9. b3 Re8 10. h3 exd4 11. Nxd4 Nc5 12. Re1 a5 13. Rb1 Nfd7 14. Be3 Ne5 15. Qc2 f5 16. exf5 Ned3 17. Red1 Bxd4 18. Bxd4 Bxf5 19. Qd2 Ne5 20. Ra1 Bxh3 21. Bxe5 Bxg2 22. Qxd6 Bf3 23. Qxc5 Qg5 24. Rd3 Rxe5 25. Qxe5 Qxe5 26. Rxf3 Rf8 27. Re3 Qf6 28. Rf1 h5 29. Kg2 h4 30. Ne4 Qd4 31. Rfe1 hxg3 32. Nxg3 Qf4 33. R1e2 Rf7 34. Re8+ Kg7 35. R8e3 Kg8 36. Re8+ Kg7 37. R8e3 a4 38. Rd3 a3 39. Rde3 Kg8 40. Re8+ Kg7 41. R8e3 Kg8 1/2-1/2

[Event "Oberliga NRW 0607"]
[Site "Germany"]
[Date "2007.03.18"]
[Round "7.4"]
[White "Schmitz, Joachim"]
[Black "Mertens, Heiko"]
[Result "1/2-1/2"]
[WhiteElo "2316"]
[BlackElo "2275"]
[PlyCount "35"]
[EventDate "2006.09.17"]
[EventType "team-tourn"]
[EventRounds "9"]
[EventCountry "GER"]
[SourceTitle "EXT 2008"]
[Source "ChessBase"]
[SourceDate "2007.11.25"]
[SourceVersion "1"]
[SourceVersionDate "2007.11.25"]
[SourceQuality "1"]
[WhiteTeam "Duisburg"]
[BlackTeam "Godesberg II"]
[WhiteTeamCountry "GER"]
[BlackTeamCountry "GER"]

1. Nf3 Nf6 2. c4 e6 3. g3 b6 4. Bg2 Bb7 5. d4 c5 6. Nc3 cxd4 7. Qxd4 Be7 8. 0-0 d6 9. Bg5 h6 10. Bxf6 Bxf6 11. Qd3 Bxc3 12. Qxc3 0-0 13. Rfd1 Qc7 14. Rac1 Nc6 15. Rd2 Rfd8 16. b3 Rac8 17. Qb2 a6 18. h3 1/2-1/2

[Event "Oberliga NRW 0506"]
[Site "Germany"]
[Date "2006.04.02"]
[Round "8.1"]
[White "Kupreichik, Viktor D"]
[Black "Schmitz, Joachim"]
[Result "1-0"]
[WhiteElo "2468"]
[BlackElo "2326"]
[PlyCount "89"]
[EventDate "2005.09.25"]
[EventType "team-tourn"]
[EventRounds "9"]
[EventCountry "GER"]
[SourceTitle "EXT 2007"]
[Source "ChessBase"]
[SourceDate "2006.11.23"]
[SourceVersion "1"]
[SourceVersionDate "2006.11.23"]
[SourceQuality "1"]
[WhiteTeam "Plettenberg"]
[BlackTeam "Duisburg PSV"]
[WhiteTeamCountry "GER"]
[BlackTeamCountry "GER"]

1. e4 c5 2. Nf3 Nc6 3. Nc3 g6 4. d4 cxd4 5. Nxd4 Bg7 6. Nb3 Nf6 7. Bg5 d6 8. Be2 0-0 9. 0-0 a6 10. f4 b5 11. Bf3 b4 12. Nd5 Nxd5 13. exd5 Na5 14. Rb1 Nxb3 15. axb3 Bf5 16. Re1 Re8 17. Be4 Bd7 18. Kh1 Qb6 19. Bd3 e5 20. dxe6 Bxe6 21. Be4 Rac8 22. Qd3 d5 23. Bxd5 Bxd5 24. Qxd5 Rxe1+ 25. Rxe1 Qf2 26. Qd1 Bxb2 27. Re2 Qc5 28. Qd7 h5 29. Be7 Qc6 30. Qxc6 Rxc6 31. Bxb4 Bc3 32. Bxc3 Rxc3 33. Kg1 Kg7 34. Kf2 Kf6 35. Ke1 Kf5 36. Kd2 Rc6 37. c4 f6 38. g3 h4 39. Kc3 Kg4 40. Re3 h3 41. b4 g5 42. fxg5 fxg5 43. c5 Rf6 44. Kc4 Rf2 45. c6 1-0

[Event "Oberliga NRW 0405"]
[Site "Germany"]
[Date "2005.02.20"]
[Round "7.1"]
[White "Klyuner, Vyacheslav"]
[Black "Schmitz, Joachim"]
[Result "1-0"]
[WhiteElo "2395"]
[BlackElo "2294"]
[PlyCount "81"]
[EventDate "2004.10.10"]
[EventType "team-tourn"]
[EventRounds "9"]
[EventCountry "GER"]
[SourceTitle "EXT 2006"]
[Source "ChessBase"]
[SourceDate "2005.11.24"]
[SourceVersion "1"]
[SourceVersionDate "2005.11.24"]
[SourceQuality "1"]
[WhiteTeam "Dortmund Hansa"]
[BlackTeam "Duisburg/Hochheide"]
[WhiteTeamCountry "GER"]
[BlackTeamCountry "GER"]

1. e4 c5 2. c3 Nf6 3. e5 Nd5 4. d4 cxd4 5. Qxd4 e6 6. Nf3 Nc6 7. Qe4 Qc7 8. Nbd2 f5 9. exf6 Nxf6 10. Qh4 Ne5 11. Nxe5 Qxe5+ 12. Be2 Bc5 13. Nc4 Qe4 14. Qg5 Qf5 15. Qxf5 exf5 16. Be3 Bxe3 17. Nxe3 d5 18. 0-0-0 Be6 19. Bb5+ Kf7 20. f3 Rad8 21. Rd4 a6 22. Ba4 b5 23. Bb3 Rd6 24. Rhd1 Rhd8 25. h4 h5 26. Nc2 g6 27. a4 bxa4 28. Rxa4 Rb8 29. Nb4 Rbb6 30. Rd4 Ne8 31. Bxd5 Bxd5 32. Nxd5 Rb5 33. Nf4 Rxd4 34. Rxd4 Ra5 35. Rd7+ Kf6 36. Rb7 Rb5 37. Ra7 a5 38. Ra6+ Kf7 39. Rxg6 Nf6 40. Rg5 Re5 41. Nxh5 1-0

[Event "Oberliga NRW 0405"]
[Site "Germany"]
[Date "2004.10.31"]
[Round "2.2"]
[White "Meessen, Rudolf"]
[Black "Schmitz, Joachim"]
[Result "0-1"]
[WhiteElo "2271"]
[BlackElo "2294"]
[PlyCount "124"]
[EventDate "2004.10.10"]
[EventType "team-tourn"]
[EventRounds "9"]
[EventCountry "GER"]
[SourceTitle "EXT 2006"]
[Source "ChessBase"]
[SourceDate "2005.11.24"]
[SourceVersion "1"]
[SourceVersionDate "2005.11.24"]
[SourceQuality "1"]
[WhiteTeam "Gelsenkirchen"]
[BlackTeam "Duisburg/Hochheide"]
[WhiteTeamCountry "GER"]
[BlackTeamCountry "GER"]

1. d4 Nf6 2. c4 g6 3. f3 Bg7 4. e4 d6 5. Nc3 0-0 6. Bd3 c5 7. d5 e6 8. Nge2 exd5 9. cxd5 Bd7 10. Ng3 Na6 11. Be2 Re8 12. 0-0 Nc7 13. Bf4 Bf8 14. a4 a6 15. Qd2 b5 16. b3 h5 17. Bg5 Bg7 18. Rad1 Qb8 19. Bf4 c4 20. bxc4 b4 21. Na2 Bxa4 22. Rb1 b3 23. Nc3 Qb6+ 24. Rf2 Bd7 25. Bd1 h4 26. Nf1 Nh5 27. Rxb3 Qc5 28. Be3 Qxc4 29. Bb6 Nb5 30. Ne3 Qc8 31. Nxb5 axb5 32. Nc2 Ra2 33. Be3 Qc7 34. Qd3 Rc8 35. f4 Qc4 36. Bxh5 Qxd3 37. Rxd3 Rcxc2 38. Rxc2 Rxc2 39. Bd1 Ra2 40. Bb3 Rb2 41. Bd1 b4 42. h3 Bc3 43. Bf3 Bb5 44. Rd1 Be2 45. Rc1 Bxf3 46. gxf3 Ra2 47. Kf1 f6 48. Rb1 Kf7 49. Bf2 g5 50. fxg5 fxg5 51. Be1 Rc2 52. Bxc3 bxc3 53. Rb7+ Kf6 54. Rc7 Ke5 55. Rc6 Kf4 56. Rxd6 Rb2 57. Rf6+ Ke3 58. Rc6 c2 59. d6 Rb1+ 60. Kg2 c1Q 61. Rxc1 Rxc1 62. e5 Rd1 0-1

[Event "Oberliga NRW 0304"]
[Site "Germany"]
[Date "2004.03.28"]
[Round "8.4"]
[White "Kurr, Gerd"]
[Black "Schmitz, Joachim"]
[Result "0-1"]
[WhiteElo "2229"]
[BlackElo "2294"]
[PlyCount "66"]
[EventDate "2003.09.28"]
[EventType "team-tourn"]
[EventRounds "9"]
[EventCountry "GER"]
[SourceTitle "CBM 098 Extra"]
[Source "ChessBase"]
[SourceDate "2004.03.10"]
[SourceVersion "2"]
[SourceVersionDate "2004.03.10"]
[SourceQuality "1"]
[WhiteTeam "Elberfeld"]
[BlackTeam "Duisburg"]
[WhiteTeamCountry "GER"]
[BlackTeamCountry "GER"]

1. d4 Nf6 2. Nf3 g6 3. c4 Bg7 4. Nc3 d5 5. Qb3 dxc4 6. Qxc4 0-0 7. e4 Bg4 8. Be2 Nfd7 9. Be3 Nb6 10. Qd3 Nc6 11. Rd1 Bxf3 12. Bxf3 e5 13. d5 Nd4 14. Bxd4 exd4 15. Ne2 c6 16. dxc6 bxc6 17. Nxd4 c5 18. Nb5 Qxd3 19. Rxd3 c4 20. Rc3 Bxc3+ 21. bxc3 Rfe8 22. Kd2 Rac8 23. Nd4 Rc5 24. Rc1 Nd7 25. Rc2 Nf6 26. Ke3 Nd5+ 27. Kd2 Nf6 28. Ke3 Nxe4 29. Bxe4 f5 30. Nxf5 gxf5 31. Kd4 Rce5 32. Bd5+ Kg7 33. Bxc4 Re4+ 0-1